Social stratification in science (Record no. 533858)

MARC details
000 -LEADER
fixed length control field 00743nam a2200253Ia 4500
003 - CONTROL NUMBER IDENTIFIER
control field OSt
005 - DATE AND TIME OF LATEST TRANSACTION
control field 20220925195651.0
008 - FIXED-LENGTH DATA ELEMENTS--GENERAL INFORMATION
fixed length control field 220923b |||||||| |||| 00| 0 eng d
037 ## - SOURCE OF ACQUISITION
Terms of availability General Book
040 ## - CATALOGING SOURCE
Original cataloging agency RTL
Transcribing agency RTL
Language of cataloging eng
041 ## - LANGUAGE CODE
Source of code eng
Language code of text/sound track or separate title eng
100 ## - MAIN ENTRY--PERSONAL NAME
Personal name Cole Jonathan R
9 (RLIN) 137661
245 #0 - TITLE STATEMENT
Title Social stratification in science
260 ## - PUBLICATION, DISTRIBUTION, ETC.
Place of publication, distribution, etc. Chicago
Name of publisher, distributor, etc. University of Chicago Press
Date of publication, distribution, etc. 1973
300 ## - PHYSICAL DESCRIPTION
Extent xiv, 283p
Dimensions cm.
500 ## - GENERAL NOTE
General note Appendix: P 263-75
650 ## - SUBJECT ADDED ENTRY--TOPICAL TERM
Topical term or geographic name entry element Sociology of Science
9 (RLIN) 230792
700 ## - ADDED ENTRY--PERSONAL NAME
Personal name Cole Stephen
9 (RLIN) 130718
942 ## - ADDED ENTRY ELEMENTS (KOHA)
Classification part Y9(A).73.N7, L3
Koha item type General Books
Source of classification or shelving scheme Colon Classification (CC)

No items available.

Copyright @ Delhi University Library System